| 000 | 00691nac a22002171u 4500 | ||
|---|---|---|---|
| 010 | _a 2002115319 | ||
| 020 | _a0324163681 (pbk.) | ||
| 035 | _a(DLC) 2002115319 | ||
| 082 | 0 | 0 |
_a339 _bARN |
| 090 |
_c8681 _d8681 |
||
| 100 | _aArnold, Roger A. | ||
| 245 | 1 | 0 |
_aMacroeconomics / _cRoger A. Arnold. |
| 250 |
_a7th ed. _bInternational ed. |
||
| 260 |
_aMason, Ohio : _bThomson South-Western,c2004. _cc2004. |
||
| 300 |
_ax, 496 p. : _bcol. ill. ; _c28 cm. |
||
| 500 | _aDistributer: Baccah. | ||
| 504 | _aIncludes bibliographical references and index. | ||
| 511 | _aCatalogued By: Mahitab. | ||
| 650 | 0 | _aMacroeconomics. | |
| 942 |
_cBB _k339ARN |
||
| 999 |
_c8681 _d8681 |
||